1333 1562 1547 1895 1942 1467 1972 1765 1534 1144 1776 1703 1619 1507 1155 1361 1265 1282 1892 1299 1401 1145 1009 1424 1074 1086 1420 1744 1877 1570 1814 1519 1855 1891 1980 1579 1956 1753 1636 1510 1745 1561 1386 1203 1554 1294 1705 1447 1616 1305 1527 1976 1610 1449 1905 1956 1556 1814 1821 1204 1792 1743 1312 1055 1527 1524 1246 1538 1227 1101 1947 1781 1574 1444 1613 1769 1146 1901 1702 1388 1317 1283 1411 1420 1809 1770 1579 1257 1145 1547 1349 1162 1828 1955 1018 1759 1254 1899 1864 BCNSPRNW ULIB Ver.6.0+V

เปลี่ยนเป็นภาษาไทย

Change to English
 แสดงรายละเอียดบรรณานุกรม
  กลับหน้าหลัก

Brief Record : Get Marc (ISO 2709) : E-mail record : QR code < ปิดหน้าต่าง
LEADER : 00000nam 2200000uu 4500
001    13399113623
003     ULIB
008    111207s2552||||th 000 0 tha d
020    ^a9789747519198
090    ^aนว.^bธ761ส 2552
100 0  ^aธุวดารา
245 00 ^aสะใภ้มือใหม่/^cธุวดารา
250    ^aพิมพ์ครั้งที่ 1
260    ^aกรุงเทพฯ :^bSugar Beat,^c2552
300    ^a340 หน้า
710 1  ^aSugar Beat
945    ^p240^l0^i16295
995    ^aทศพร
999 ^a ทศพร
รายการนี้ยังไม่มีแท็ก
คุณยังไม่ได้ล็อกอิน คุณสามารถมีกิจกรรมร่วมกับเว็บไซต์ได้ แต่ต้องล็อกอินก่อน ::
  ล็อกอิน

รายการสื่อสารสนเทศ

ลำดับที่ ประเภท เลขเรียก/บาร์โค้ด สถานที่ สถานะ
1. นวนิยาย
นวนิยาย
นว. ธ761ส 2552 ฉ.1 
  Barcode: 16295
ห้องสมุดวิทยาเขตสวรรค์ประชารักษ์
►นวนิยาย
บนชั้น
  ขอยืม

รายการใกล้เคียง
    ผู้แต่ง [ธุวดารา]

BibComment


ยังไม่เคยถูกคอมเมนท์

คอมเมนท์ทรัพยากรรายการนี้
  คอมเมนท์: สะใภ้มือใหม่ ธุว..


 Copyright 2026. Bcnsprnw @Library